01375 a2200205 4500003000500000005001700005010001600022020001500038040000900053082001700062100002100079245010200100260003700202300003600239505079800275650002301073650002301096650002501119700002501144Nust20221031123818.0 a 75034190 a0070044309 cNust00a621.3192,BEL1 aBelove, Charles.10aSystems and circuits for electrical engineering technology /cCharles Belove, Melvyn M. Drossman. aNew York :bMcGraw-Hill,cc1976. axviii, 662 p. :bill. ;c24 cm. aEssential Arithmetic, Units and Notation (Page-1), Signals (Page-25), Electrical Quantities (Page-45), Resistance (Page-69), Basic Resistive Networks Laws (Page-79), Resistive Networks Applications of the Basic Laws (Page-108), DC Instruments (Page-141), Linear Network Theorems (Page-165), Diodes (Page-203), Linear Two Port Networks (Page-238), Amplifiers Piecewise Linear (Page-269), Switching Algebra (Page-295), Combinational Digital Circuits (Page-324), Calculus Essentials (Page-368), Magnetic Circuits (Page-387), Inductance and Capacitance (Page-414), Time Responses of Circuits with Energy Storage Elements (Page-447), Frequency Response (Page-518), AC Instruments (Page-547), Feedback and Operational Amplifiers (Page-566), Sequential Digital Circuits and Hybrid Systems (Page-595), 0aElectric circuits. 0aElectric networks. 0aElectronic circuits.1 aDrossman, M. Melvyn,